Normal view
MARC view
- Pavements
Entry Topical Term
001 - CONTROL NUMBER
- control field: 39608
003 - CONTROL NUMBER IDENTIFIER
- control field: NUST
005 - DATE AND TIME OF LATEST TRANSACTION
- control field: 20210314131506.0
008 - FIXED-LENGTH DATA ELEMENTS
- fixed length control field: 210314|| aca||aabn | a|a d
040 ## - CATALOGING SOURCE
- Original cataloging agency: NUST
- Transcribing agency: NUST
150 ## - HEADING--TOPICAL TERM
- Topical term or geographic name entry element: Pavements
- Geographic subdivision: Great Britain
- General subdivision: Testing
670 ## - SOURCE DATA FOUND
- Source citation: Work cat.: (NUST): Croney, David, 39605, The design and performance of road pavements /, c1991.
